<?xml version="1.0" encoding="UTF-8"?>
<collection xmlns:xsi="http://www.w3.org/2001/XMLSchema-instance" xsi:schemaLocation="http://www.loc.gov/MARC21/slim http://www.loc.gov/standards/marcxml/schema/MARC21slim.xsd" xmlns="http://www.loc.gov/MARC21/slim">
 <record>
  <leader>00000cmm a22000004i 4500</leader>
  <controlfield tag="001">UP-99796217613471392</controlfield>
  <controlfield tag="003">Buklod</controlfield>
  <controlfield tag="005">20200824140821.0</controlfield>
  <controlfield tag="006">m    go  j        </controlfield>
  <controlfield tag="007">ta</controlfield>
  <controlfield tag="008">200824s2000    xx     d        u        </controlfield>
  <datafield tag="035" ind1=" " ind2=" ">
   <subfield code="a">(iLib)UPD-00517670451</subfield>
  </datafield>
  <datafield tag="040" ind1=" " ind2=" ">
   <subfield code="a">DMLF</subfield>
   <subfield code="e">rda</subfield>
  </datafield>
  <datafield tag="041" ind1=" " ind2=" ">
   <subfield code="a">eng</subfield>
  </datafield>
  <datafield tag="100" ind1="1" ind2=" ">
   <subfield code="a">Bascuñana, Maria Victoria Balagat</subfield>
   <subfield code="e">author.</subfield>
  </datafield>
  <datafield tag="245" ind1="1" ind2="0">
   <subfield code="a">A knowledge-based approach for data reconciliation of process networks</subfield>
   <subfield code="h">[electronic resource]</subfield>
   <subfield code="c">by Maria Victoria Balagat Bascuñana.</subfield>
  </datafield>
  <datafield tag="264" ind1=" " ind2="1">
   <subfield code="a">Ann Arbor Michigan</subfield>
   <subfield code="b">Bell &amp; Howell Information and Learning Company</subfield>
   <subfield code="c">[2000]</subfield>
  </datafield>
  <datafield tag="300" ind1=" " ind2=" ">
   <subfield code="a">1 computer file (141 pages)</subfield>
   <subfield code="b">illustrations.</subfield>
  </datafield>
  <datafield tag="336" ind1=" " ind2=" ">
   <subfield code="a">text</subfield>
   <subfield code="2">rdacontent</subfield>
  </datafield>
  <datafield tag="337" ind1=" " ind2=" ">
   <subfield code="a">computer</subfield>
   <subfield code="2">rdamedia</subfield>
  </datafield>
  <datafield tag="338" ind1=" " ind2=" ">
   <subfield code="a">online resource</subfield>
   <subfield code="2">rdacarrier</subfield>
  </datafield>
  <datafield tag="502" ind1=" " ind2=" ">
   <subfield code="a">Thesis (Ph.D.)--Iowa State University, 1999.</subfield>
  </datafield>
  <datafield tag="520" ind1=" " ind2=" ">
   <subfield code="a">Because the area of gross error detection and data reconciliation has received a significant amount of attention in the past two decades, the problem is fairly well-defined but the solutions have yet to be perfected. Also, despite the proliferation of new methods that offer particular strengths and the potential economic value of this data analysis step, it has not been as widely performed in chemical manufacturing plants because of the difficulties, both mathematical and instrumental, that plant operators encounter. Hence, the focus of this dissertation is the simplification of the gross error detection and data reconciliation problems at hand using additional process knowledge, developing heuristics for a more systematic and effective use of currently available gross error detection and data reconciliation techniques, and the creation of a computational framework to provide the mechanism for their use. New methods for detecting and identifying gross errors in dynamic and bilinear systems are presented. These new strategies improve the identification performance by optimally selecting statistical tests for determining balance closure by using special heuristics developed for the purpose. Furthermore, they have the advantage of being computationally simpler than most other available methods. Being less computational, these techniques promise to be good candidates for incorporation into data reconciliation expert systems or malfunction diagnosis expert systems. This could facilitate more use of process knowledge such as known or highly suspect faults and can also improve the partitioning search function especially when applied to large-scale process networks. The simulations involve changing the type, magnitude and location of biases and the significance levels, among others. Results show that the new strategies indeed successfully improved the identification performance. A prototype expert system for gross error detection, identification and estimation, with a unique distributed knowledge structure incorporating process network hierarchies and functional relationships is developed and tested. The resulting framework provides advantages such as allowing the use of different forms of plant information, advising on proper selection of the appropriate gross error detection method to use, and allowing partial analysis of process networks, among others. The structure can also take advantage of someexisting malfunction diagnostic structures. Results of test runs on two simulated systems, a 12-stage distillation column and a NASA experimental test bed of a crop growth chamber system successfully demonstrate these advantages of using a knowledge-based system for data reconciliation.</subfield>
  </datafield>
  <datafield tag="856" ind1=" " ind2=" ">
   <subfield code="z">Full text access requires UP Webmail login</subfield>
   <subfield code="u">https://drive.google.com/file/d/1ItUqJDB1vFeq9h6K45jWZQs6Hk-0gpP1/view</subfield>
  </datafield>
  <datafield tag="905" ind1=" " ind2=" ">
   <subfield code="a">FI</subfield>
  </datafield>
  <datafield tag="852" ind1="0" ind2=" ">
   <subfield code="a">UPD</subfield>
   <subfield code="b">DMLF</subfield>
  </datafield>
  <datafield tag="942" ind1=" " ind2=" ">
   <subfield code="a">Electronic Resource</subfield>
  </datafield>
 </record>
</collection>
